[Event "TUR-chT 1st League"]
[Site "Konya"]
[Date "2022.08.26"]
[Round "7.8"]
[White "Elma, Muge"]
[Black "Aksoy, Ayca"]
[Result "0-1"]
[WhiteElo "1684"]
[BlackElo "1887"]
[PlyCount "114"]
[EventDate "2022.08.22"]
[EventType "team-swiss"]
[EventRounds "9"]
[EventCountry "TUR"]
[SourceTitle "CBM 209 Extra"]
[Source "ChessBase"]
[SourceDate "2022.09.30"]
[SourceVersion "1"]
[SourceVersionDate "2022.09.30"]
[SourceQuality "1"]
[WhiteTeam "Varyant Genclik"]
[BlackTeam "Bogazici Universitesi"]
[WhiteTeamCountry "TUR"]
[BlackTeamCountry "TUR"]

1. d4 Nf6 2. c4 e6 3. g3 Bb4+ 4. Bd2 Be7 5. Nf3 b6 6. Bg2 Ba6 7. Ne5 c6 8. 0-0 0-0 9. Qc2 d5 10. Rd1 Nfd7 11. Nxd7 Nxd7 12. b3 Rc8 13. e4 c5 14. exd5 cxd4 15. dxe6 fxe6 16. Qe4 e5 17. Bh3 Rc7 18. Bf5 Bb7 19. Bxh7+ Kh8 20. Qc2 Bc5 21. Be1 Nf6 22. Bg6 Qd7 23. Qf5 Qc6 24. f3 Qxf3 25. Qxf3 Bxf3 26. Rc1 d3+ 27. Bf2 Bxf2+ 28. Kxf2 Ng4+ 29. Kg1 Rc6 30. Bxd3 Rh6 31. Rc2 Rd8 32. Bf1 Rd1 33. Rd2 Rc1 34. h3 Ne3 35. Kf2 Nxf1 36. Rd8+ Kh7 37. Kxf3 Rf6+ 38. Ke2 Nxg3+ 39. Kd2 Rff1 40. Ra8 Ne4+ 41. Kd3 Nc5+ 42. Ke3 Rxb1 43. Rxb1 Rxb1 44. Rxa7 Rh1 45. b4 Rxh3+ 46. Ke2 Nd3 47. a3 Nf4+ 48. Kf2 e4 49. Re7 Rf3+ 50. Ke1 e3 51. c5 e2 52. cxb6 Rf1+ 53. Kd2 Rd1+ 54. Kc2 e1Q 55. b7 Rc1+ 56. Kb3 Qd1+ 57. Kb2 Qc2# 0-1

[Event "TUR-chT 2nd League"]
[Site "Konya"]
[Date "2019.07.23"]
[Round "2.4"]
[White "Abdulla, Khayala Mardan Qizi"]
[Black "Aksoy, Ayca"]
[Result "1-0"]
[WhiteElo "2283"]
[BlackElo "1914"]
[PlyCount "55"]
[EventDate "2019.07.22"]
[EventType "team-swiss"]
[EventRounds "9"]
[EventCountry "TUR"]
[SourceTitle "CBM 191 Extra"]
[Source "ChessBase"]
[SourceDate "2019.09.30"]
[SourceVersion "1"]
[SourceVersionDate "2019.09.30"]
[SourceQuality "1"]
[WhiteTeam "Denizli Ihtisas"]
[BlackTeam "Seyhan Belediye"]
[WhiteTeamCountry "TUR"]
[BlackTeamCountry "TUR"]

1. e4 e6 2. d4 d5 3. Nd2 dxe4 4. Nxe4 Nd7 5. Nf3 Ngf6 6. Bd3 Be7 7. c3 0-0 8. Qc2 Nxe4 9. Bxe4 Nf6 10. Bd3 b6 11. Bg5 h6 12. h4 Bb7 13. 0-0-0 Qd5 14. Kb1 c5 15. dxc5 Qxc5 16. Be3 Qc7 17. Bd4 a6 18. Rh3 b5 19. Be5 Qc5 20. Bd4 Qc7 21. Re1 Bd5 22. Ng5 Nd7 23. Bh7+ Kh8 24. Bg8 f5 25. Bxe6 Be4 26. Rxe4 fxe4 27. Qxe4 Nf6 28. Bxf6 1-0

[Event "TUR-chT 2nd League"]
[Site "Konya"]
[Date "2019.07.22"]
[Round "1.4"]
[White "Aksoy, Ayca"]
[Black "Eroltu, Ceylan"]
[Result "0-1"]
[WhiteElo "1914"]
[BlackElo "1313"]
[PlyCount "102"]
[EventDate "2019.07.22"]
[EventType "team-swiss"]
[EventRounds "9"]
[EventCountry "TUR"]
[SourceTitle "CBM 191 Extra"]
[Source "ChessBase"]
[SourceDate "2019.09.30"]
[SourceVersion "1"]
[SourceVersionDate "2019.09.30"]
[SourceQuality "1"]
[WhiteTeam "Seyhan Belediye"]
[BlackTeam "Corum Belediye"]
[WhiteTeamCountry "TUR"]
[BlackTeamCountry "TUR"]

1. d4 d5 2. Nf3 Nf6 3. c4 e6 4. Nc3 Be7 5. Bg5 0-0 6. cxd5 exd5 7. Qc2 h6 8. Bh4 c6 9. e3 Nbd7 10. Bd3 b6 11. 0-0 Bb7 12. Rac1 Rc8 13. Rfd1 Re8 14. Qb1 Nh5 15. Bxe7 Qxe7 16. b4 b5 17. Bf5 Nhf6 18. Re1 g6 19. Bh3 Rcd8 20. Ne2 Nb6 21. Ne5 Nc4 22. f4 Ne4 23. Ng3 Nxg3 24. hxg3 Qd6 25. Rcd1 Bc8 26. Kh2 Bb7 27. Re2 Ra8 28. Rf1 a5 29. bxa5 Rxa5 30. Nxc4 dxc4 31. f5 g5 32. f6 Ra3 33. Qc1 Rd3 34. Bf5 Rxd4 35. Ref2 Rh4+ 36. Bh3 Rhe4 37. Rd1 Qc5 38. Bd7 Rf8 39. Rf3 b4 40. Rh1 Re5 41. Kg1 Qd5 42. Bg4 Rd8 43. Rf2 Qe4 44. Bf3 Qxe3 45. Qxc4 Qe1+ 46. Rf1 Qe3+ 47. Rf2 Qe1+ 48. Rf1 Qe3+ 49. Kh2 Rd4 50. Qc2 g4 51. Bxc6 Rh5# 0-1

[Event "Wch U20 Girls 36th"]
[Site "Manavgat"]
[Date "2018.09.10"]
[Round "6"]
[White "Aksoy, Ayca"]
[Black "Anacoglu, Cisel"]
[Result "1-0"]
[WhiteElo "1898"]
[BlackElo "1791"]
[PlyCount "79"]
[EventDate "2018.09.05"]
[EventType "swiss"]
[EventRounds "11"]
[EventCountry "TUR"]
[SourceTitle "CBM 186 Extra"]
[Source "ChessBase"]
[SourceDate "2018.08.24"]
[SourceVersion "1"]
[SourceVersionDate "2018.08.24"]
[SourceQuality "1"]

1. Nf3 Nf6 2. d4 g6 3. Nc3 d5 4. Bf4 Bg7 5. Qd2 c6 6. Ne5 Nbd7 7. f3 Nh5 8. Nxd7 Nxf4 9. Ne5 Ne6 10. e3 Qd6 11. f4 h5 12. Be2 Nc7 13. 0-0-0 b5 14. e4 b4 15. Na4 dxe4 16. Nc5 a5 17. Bc4 Nd5 18. Nxe4 Qc7 19. Kb1 Bf5 20. Nc5 0-0 21. h3 h4 22. Qf2 Bf6 23. g4 hxg3 24. Qxg3 a4 25. h4 b3 26. Bd3 Bxd3 27. Rxd3 Nb4 28. Rd2 bxc2+ 29. Ka1 Qa5 30. Rg2 a3 31. b3 Kg7 32. Ne6+ Kh8 33. Nxg6+ fxg6 34. Qxg6 c1Q+ 35. Rxc1 Nc2+ 36. Kb1 Rf7 37. Qxf7 Nxd4 38. Nxd4 Rb8 39. Rg6 Rxb3+ 40. Qxb3 1-0

[Event "Wch U20 Girls 36th"]
[Site "Manavgat"]
[Date "2018.09.07"]
[Round "4"]
[White "Caballero Quijano, Mitzy Mishell"]
[Black "Aksoy, Ayca"]
[Result "1/2-1/2"]
[WhiteElo "2034"]
[BlackElo "1898"]
[PlyCount "106"]
[EventDate "2018.09.05"]
[EventType "swiss"]
[EventRounds "11"]
[EventCountry "TUR"]
[SourceTitle "CBM 186 Extra"]
[Source "ChessBase"]
[SourceDate "2018.08.24"]
[SourceVersion "1"]
[SourceVersionDate "2018.08.24"]
[SourceQuality "1"]

1. d4 Nf6 2. Nf3 e6 3. e3 b6 4. Bd3 Bb7 5. 0-0 Be7 6. c4 c5 7. Nc3 0-0 8. d5 exd5 9. cxd5 d6 10. e4 Nbd7 11. h3 a6 12. a4 Re8 13. Bf4 Nf8 14. Re1 Ng6 15. Bh2 Bf8 16. Nd2 Ne5 17. Be2 g6 18. f4 Ned7 19. Bf3 b5 20. axb5 axb5 21. Nxb5 Qb6 22. Na3 Qxb2 23. Ndc4 Qd4+ 24. Qxd4 cxd4 25. Nb5 Rxa1 26. Rxa1 Nxe4 27. Bxe4 Rxe4 28. Ncxd6 Bxd5 29. Nxe4 Bxe4 30. Nxd4 Bc5 31. Rd1 Nb6 32. Kh1 Nd5 33. Nf3 h6 34. Bg3 Be3 35. Kh2 Bxf4 36. Bxf4 Nxf4 37. Rd4 Bxf3 38. Rxf4 Bd5 39. Rd4 Be6 40. Kg3 h5 41. h4 Kg7 42. Kf4 Bg4 43. Ke5 Bf5 44. Rd6 Bg4 45. g3 Bh3 46. Rf6 Bg4 47. Rf4 Be6 48. Kd6 Bc8 49. Ke7 Be6 50. Rf6 Bc4 51. Rf3 Bd5 52. Re3 Bb7 53. Re5 Bf3 1/2-1/2

[Event "Wch U20 Girls 36th"]
[Site "Manavgat"]
[Date "2018.09.06"]
[Round "2"]
[White "Aksoy, Ayca"]
[Black "Malatsilava, Volha"]
[Result "1-0"]
[WhiteElo "1898"]
[BlackElo "2040"]
[PlyCount "83"]
[EventDate "2018.09.05"]
[EventType "swiss"]
[EventRounds "11"]
[EventCountry "TUR"]
[SourceTitle "CBM 186 Extra"]
[Source "ChessBase"]
[SourceDate "2018.08.24"]
[SourceVersion "1"]
[SourceVersionDate "2018.08.24"]
[SourceQuality "1"]

1. d4 Nf6 2. Bg5 d5 3. Bxf6 exf6 4. e3 Bd6 5. Bd3 f5 6. Nf3 0-0 7. 0-0 c6 8. c4 dxc4 9. Bxc4 Qc7 10. Nc3 Nd7 11. Rc1 Nb6 12. Bd3 Qe7 13. Qc2 g6 14. Rfe1 Nd5 15. Nxd5 cxd5 16. g3 Be6 17. a3 Rac8 18. Qb1 Rc7 19. Rxc7 Qxc7 20. Rc1 Qb6 21. Qc2 a5 22. Qd2 Re8 23. Rc3 Bd7 24. Qc2 a4 25. Kg2 Qa5 26. h4 h5 27. Ng5 b5 28. b4 axb3 29. Qxb3 Rf8 30. Be2 b4 31. axb4 Bxb4 32. Rc1 Ba4 33. Qa2 Rd8 34. Bf3 Qa8 35. Rc7 f6 36. Nf7 Bd1 37. Ra7 Bxf3+ 38. Kxf3 Qc8 39. Nxd8 f4 40. Qxd5+ Kh8 41. Nf7+ Kg7 42. Ng5+ 1-0

[Event "Wch U20 Girls 36th"]
[Site "Manavgat"]
[Date "2018.09.05"]
[Round "1"]
[White "Kanakova, Natalie"]
[Black "Aksoy, Ayca"]
[Result "1-0"]
[WhiteElo "2201"]
[BlackElo "1898"]
[PlyCount "81"]
[EventDate "2018.09.05"]
[EventType "swiss"]
[EventRounds "11"]
[EventCountry "TUR"]
[SourceTitle "CBM 186 Extra"]
[Source "ChessBase"]
[SourceDate "2018.08.24"]
[SourceVersion "1"]
[SourceVersionDate "2018.08.24"]
[SourceQuality "1"]

1. c4 e5 2. Nc3 Nc6 3. g3 d6 4. Bg2 Be6 5. d3 Qd7 6. Rb1 g6 7. b4 Bg7 8. b5 Nd8 9. e3 Ne7 10. Nd5 0-0 11. a4 c6 12. Nxe7+ Qxe7 13. Ba3 Qd7 14. a5 f5 15. Qd2 Rc8 16. bxc6 bxc6 17. Ne2 g5 18. f4 gxf4 19. exf4 Nf7 20. 0-0 Rfd8 21. a6 Rb8 22. Qa5 e4 23. Qd2 d5 24. dxe4 fxe4 25. cxd5 cxd5 26. Nd4 Nd6 27. Rxb8 Rxb8 28. f5 Nxf5 29. Nxe6 Qxe6 30. Qf4 Qb6+ 31. Kh1 Ne3 32. Bc5 Qxc5 33. Qxb8+ Bf8 34. Rg1 Nxg2 35. Rxg2 Qd4 36. Qf4 Bh6 37. Qg4+ Bg7 38. Rc2 Qa1+ 39. Kg2 h5 40. Rc8+ Kh7 41. Qf5+ 1-0

[Event "TUR-chT2"]
[Site "Konya"]
[Date "2018.07.15"]
[Round "9.2"]
[White "Aksoy, Ayca"]
[Black "Adanmis, Ezgi"]
[Result "1-0"]
[WhiteElo "1856"]
[BlackElo "1656"]
[PlyCount "77"]
[EventDate "2018.07.10"]
[EventType "team-swiss"]
[EventRounds "9"]
[EventCountry "TUR"]
[SourceTitle "EXT 2019"]
[Source "ChessBase"]
[SourceDate "2018.10.10"]
[SourceVersion "1"]
[SourceVersionDate "2018.10.10"]
[SourceQuality "1"]
[WhiteTeam "Adana Ceyhan Belediye"]
[BlackTeam "Bitlis Dernegi"]
[WhiteTeamCountry "TUR"]
[BlackTeamCountry "TUR"]

1. Nf3 Nf6 2. c4 e6 3. d4 Bb4+ 4. Nbd2 0-0 5. a3 Bxd2+ 6. Qxd2 d5 7. e3 Ne4 8. Qc2 Nd7 9. Bd3 Ndf6 10. 0-0 Re8 11. b4 a5 12. Bb2 b6 13. Ne5 Bb7 14. f3 Nd6 15. c5 bxc5 16. dxc5 Nf5 17. Bxf5 exf5 18. Qxf5 Re6 19. Bd4 axb4 20. axb4 Rea6 21. Rxa6 Bxa6 22. Rd1 Bc8 23. Qg5 h6 24. Qh4 Bd7 25. c6 Be6 26. Bc5 Ra2 27. Qd4 Qa8 28. b5 Ra4 29. Qc3 Qb8 30. Rb1 d4 31. Bxd4 Nd5 32. Qd2 f6 33. Nd3 Nb6 34. Nc5 Ra2 35. Qc3 Bf7 36. Na6 Qd8 37. Bxb6 cxb6 38. c7 Qc8 39. Rd1 1-0

[Event "TUR-chT2"]
[Site "Konya"]
[Date "2018.07.13"]
[Round "6.2"]
[White "Sahil, Munevver"]
[Black "Aksoy, Ayca"]
[Result "1/2-1/2"]
[WhiteElo "1635"]
[BlackElo "1856"]
[PlyCount "68"]
[EventDate "2018.07.10"]
[EventType "team-swiss"]
[EventRounds "9"]
[EventCountry "TUR"]
[SourceTitle "EXT 2019"]
[Source "ChessBase"]
[SourceDate "2018.10.10"]
[SourceVersion "1"]
[SourceVersionDate "2018.10.10"]
[SourceQuality "1"]
[WhiteTeam "Siirt Cedid"]
[BlackTeam "Adana Ceyhan Belediye"]
[WhiteTeamCountry "TUR"]
[BlackTeamCountry "TUR"]

1. e4 g6 2. d4 Bg7 3. Nc3 d6 4. Nf3 Nf6 5. Be3 c6 6. Bd3 0-0 7. 0-0 Nbd7 8. Qd2 Ng4 9. h3 Nxe3 10. fxe3 c5 11. Rad1 a6 12. a4 b6 13. b3 Bb7 14. Rf2 Bh6 15. Qe2 Rc8 16. Nb1 b5 17. axb5 axb5 18. c4 b4 19. Nh2 Qb6 20. d5 Ne5 21. Rdf1 Ra8 22. Nf3 Ra1 23. Nxe5 dxe5 24. Kh1 f6 25. Nd2 Ra2 26. Qf3 Bc8 27. Nb1 Qa6 28. Qg3 Bd7 29. h4 Kg7 30. Nd2 Ra1 31. Nb1 Ra2 32. Qf3 Rxf2 33. Qxf2 Qa1 34. Kg1 Kg8 1/2-1/2

[Event "TUR-chT2"]
[Site "Konya"]
[Date "2018.07.11"]
[Round "2.1"]
[White "Tuncel, Ekin"]
[Black "Aksoy, Ayca"]
[Result "0-1"]
[WhiteElo "1085"]
[BlackElo "1856"]
[PlyCount "68"]
[EventDate "2018.07.10"]
[EventType "team-swiss"]
[EventRounds "9"]
[EventCountry "TUR"]
[SourceTitle "EXT 2019"]
[Source "ChessBase"]
[SourceDate "2018.10.10"]
[SourceVersion "1"]
[SourceVersionDate "2018.10.10"]
[SourceQuality "1"]
[WhiteTeam "Istanbul Kartal Belediye"]
[BlackTeam "Adana Ceyhan Belediye"]
[WhiteTeamCountry "TUR"]
[BlackTeamCountry "TUR"]

1. e4 c5 2. Nf3 e6 3. d4 cxd4 4. Nxd4 Nc6 5. g3 Nf6 6. Bg2 Bc5 7. Nb3 Be7 8. 0-0 0-0 9. Nc3 a6 10. a4 d6 11. Be3 Na5 12. Nxa5 Qxa5 13. Qd2 Qc7 14. Bf4 e5 15. Be3 Bd7 16. Bg5 Bc6 17. Bxf6 Bxf6 18. Nd5 Qd8 19. Nxf6+ Qxf6 20. b3 Rad8 21. Rad1 Qg6 22. Rfe1 f5 23. exf5 Qxf5 24. Bxc6 bxc6 25. Qc3 Qxf2+ 26. Kh1 Rf6 27. Qxc6 d5 28. Qc3 Rh6 29. h4 Rg6 30. Qxe5 h6 31. Re2 Qf3+ 32. Kg1 Rxg3+ 33. Kh2 Rh3+ 34. Kg1 Rh1# 0-1

[Event "TUR-chT"]
[Site "Izmir"]
[Date "2016.08.03"]
[Round "10.3"]
[White "Arda, Cagil Irmak"]
[Black "Aksoy, Ayca"]
[Result "1-0"]
[WhiteElo "2076"]
[BlackElo "1853"]
[PlyCount "107"]
[EventDate "2016.07.25"]
[EventType "team-swiss"]
[EventRounds "13"]
[EventCountry "TUR"]
[SourceTitle "CBM 173 Extra"]
[Source "ChessBase"]
[SourceDate "2016.08.29"]
[SourceVersion "1"]
[SourceVersionDate "2016.08.29"]
[SourceQuality "1"]
[WhiteTeam "Besiktas Jimnastik"]
[BlackTeam "Kayseri Seker"]
[WhiteTeamCountry "TUR"]
[BlackTeamCountry "TUR"]

1. e4 c5 2. Nf3 e6 3. c4 Qc7 4. Nc3 a6 5. Be2 d6 6. d4 cxd4 7. Nxd4 Nf6 8. Be3 Nbd7 9. f3 Be7 10. 0-0 0-0 11. Rc1 b6 12. Qd2 Bb7 13. Rfd1 Rac8 14. a3 Rfe8 15. b4 Qb8 16. Nb3 Kh8 17. Bf4 Ne5 18. Na4 Nfd7 19. Be3 Bc6 20. Nb2 Nf6 21. Qe1 Rg8 22. Qf2 Ned7 23. a4 Ba8 24. Bd4 g5 25. h3 Rg6 26. Nd3 e5 27. Be3 h5 28. g4 Kg7 29. Kg2 Rh8 30. Rh1 Ne8 31. Nd2 Nc7 32. Rcg1 Ne6 33. Kf1 Nf4 34. h4 hxg4 35. Rxg4 Nxd3 36. Bxd3 Rxh4 37. Qg2 Rxh1+ 38. Qxh1 Bc6 39. b5 axb5 40. axb5 Bb7 41. Rg1 Nc5 42. Be2 Qc8 43. Qg2 f5 44. Rh1 Qe6 45. exf5 Qxf5 46. Qh2 Kf8 47. Bxc5 dxc5 48. Qh8+ Rg8 49. Qh6+ Kf7 50. Qxb6 Ba8 51. Qh6 Rg7 52. Qh5+ Kg8 53. Qh8+ Kf7 54. Qxa8 1-0

[Event "TUR-chT"]
[Site "Izmir"]
[Date "2016.07.29"]
[Round "5.8"]
[White "Aksoy, Ayca"]
[Black "Sade, Defne"]
[Result "1-0"]
[WhiteElo "1853"]
[BlackElo "1568"]
[PlyCount "73"]
[EventDate "2016.07.25"]
[EventType "team-swiss"]
[EventRounds "13"]
[EventCountry "TUR"]
[SourceTitle "CBM 173 Extra"]
[Source "ChessBase"]
[SourceDate "2016.08.29"]
[SourceVersion "1"]
[SourceVersionDate "2016.08.29"]
[SourceQuality "1"]
[WhiteTeam "Kayseri Seker"]
[BlackTeam "Onur Koleji Genc"]
[WhiteTeamCountry "TUR"]
[BlackTeamCountry "TUR"]

1. d4 d5 2. Nf3 Nf6 3. c4 e6 4. Nc3 Be7 5. Bg5 Nbd7 6. cxd5 exd5 7. e3 c6 8. Bd3 0-0 9. 0-0 Re8 10. Qc2 Nf8 11. Rab1 Ne4 12. Bxe7 Qxe7 13. b4 a6 14. a4 Ng6 15. b5 Bg4 16. Bxe4 dxe4 17. Nd2 f5 18. bxc6 bxc6 19. Qb3+ Kh8 20. Qc4 Nh4 21. Ne2 Qg5 22. Ng3 Qh6 23. Rfe1 a5 24. Rb6 Re6 25. Reb1 Rae8 26. Rb8 f4 27. Rxe8+ Rxe8 28. Qf7 Qe6 29. Qxf4 Ng6 30. Qg5 Rf8 31. Qxa5 Nh4 32. Qg5 Qf7 33. Ndxe4 Bf3 34. Qxh4 Bxe4 35. Nxe4 Qa2 36. Rf1 Qxa4 37. Qe7 1-0

[Event "Skopje Karposh op"]
[Site "Skopje"]
[Date "2015.04.02"]
[Round "8"]
[White "Arizanov, Tome"]
[Black "Aksoy, Ayca"]
[Result "0-1"]
[WhiteElo "2037"]
[BlackElo "1850"]
[PlyCount "80"]
[EventDate "2015.03.27"]
[EventType "swiss"]
[EventRounds "9"]
[EventCountry "MKD"]
[SourceTitle "CBM 165 Extra"]
[Source "ChessBase"]
[SourceDate "2015.04.21"]
[SourceVersion "1"]
[SourceVersionDate "2015.04.21"]
[SourceQuality "1"]

1. Nf3 Nf6 2. g3 d5 3. Bg2 c6 4. 0-0 Bg4 5. d3 e6 6. b3 Bd6 7. c3 Nbd7 8. Na3 0-0 9. c4 Qe7 10. Nc2 Rfe8 11. Nfe1 a5 12. Rb1 Nb6 13. Be3 Nbd7 14. Bd2 Bh5 15. Bc3 h6 16. Qd2 e5 17. e3 b6 18. f3 Bg6 19. Qd1 Bc5 20. Bd2 Bd6 21. Qe2 Bc5 22. Kh1 Qd6 23. Rd1 Nb8 24. Bc1 a4 25. Bd2 axb3 26. axb3 Na6 27. e4 Nb4 28. f4 Bh5 29. Bf3 Bxf3+ 30. Qxf3 Nxc2 31. Nxc2 Ra2 32. fxe5 Qxe5 33. Bf4 dxe4 34. dxe4 Qxe4 35. Rd2 Qg6 36. Ne1 Rxd2 37. Bxd2 Ne4 38. Bc1 Nf2+ 39. Kg2 Qe6 40. b4 Qh3+ 0-1

[Event "Skopje Karposh op"]
[Site "Skopje"]
[Date "2015.03.29"]
[Round "4"]
[White "Karaokcu, Erkin"]
[Black "Aksoy, Ayca"]
[Result "1-0"]
[WhiteElo "2130"]
[BlackElo "1850"]
[PlyCount "85"]
[EventDate "2015.03.27"]
[EventType "swiss"]
[EventRounds "9"]
[EventCountry "MKD"]
[SourceTitle "CBM 165 Extra"]
[Source "ChessBase"]
[SourceDate "2015.04.21"]
[SourceVersion "1"]
[SourceVersionDate "2015.04.21"]
[SourceQuality "1"]

1. d4 c5 2. d5 d6 3. Nc3 Nf6 4. e4 g6 5. Nf3 Bg7 6. Be2 0-0 7. 0-0 e6 8. dxe6 Bxe6 9. Ng5 Nc6 10. Nxe6 fxe6 11. Bg5 a6 12. a4 Qe7 13. f4 h6 14. Bh4 Rad8 15. Bc4 Kh7 16. Qf3 Qe8 17. Qh3 e5 18. f5 Nd4 19. Nd5 gxf5 20. c3 Nxd5 21. exd5 Nc2 22. Rac1 b5 23. Bd3 Ne3 24. Qxe3 e4 25. Bxd8 exd3 26. Qxe8 Rxe8 27. Bh4 Re5 28. axb5 axb5 29. Rcd1 Rxd5 30. Rf3 c4 31. Be1 Bf6 32. g4 Be5 33. gxf5 Bf6 34. Bd2 Rc5 35. Re1 d5 36. Re6 Kg7 37. Bxh6+ Kf7 38. Be3 Rc8 39. Rd6 b4 40. Rxd5 bxc3 41. bxc3 Bxc3 42. Rf4 Be5 43. Rg4 1-0

[Event "Plovdiv Bulgarian op 37th"]
[Site "Plovdiv"]
[Date "2015.02.01"]
[Round "1"]
[White "Zajic, Milan"]
[Black "Aksoy, Ayca"]
[Result "1-0"]
[WhiteElo "2452"]
[BlackElo "1818"]
[PlyCount "95"]
[EventDate "2015.02.01"]
[EventType "swiss"]
[EventRounds "9"]
[EventCountry "BUL"]
[SourceTitle "CBM 164 Extra"]
[Source "ChessBase"]
[SourceDate "2015.03.02"]
[SourceVersion "1"]
[SourceVersionDate "2015.03.02"]
[SourceQuality "1"]

1. e4 c5 2. Nf3 e6 3. d4 cxd4 4. Nxd4 a6 5. c4 Nf6 6. Nc3 Qc7 7. a3 Be7 8. Be3 d6 9. Be2 0-0 10. 0-0 b6 11. Rc1 Bb7 12. f3 Nbd7 13. Qd2 Rac8 14. b4 Rfe8 15. Kh1 Qb8 16. Rfd1 Bd8 17. Nb3 Bc7 18. Bf4 Ne5 19. Bxe5 dxe5 20. c5 Red8 21. Qe3 b5 22. a4 Bc6 23. axb5 axb5 24. Na1 Ne8 25. Nc2 Rxd1+ 26. Rxd1 Bd8 27. Bd3 Nc7 28. Na3 Be7 29. Qe2 Bxc5 30. bxc5 b4 31. Rb1 Qa8 32. Nc4 bxc3 33. Nb6 Qb7 34. Nxc8 Qxc8 35. Qc2 h6 36. Qxc3 Qd7 37. Bc4 f6 38. Qd3 Qxd3 39. Bxd3 Kf7 40. Rb6 Ba8 41. Rb8 Ke7 42. Rg8 g5 43. Rg7+ Kd8 44. Rf7 Ne8 45. Bb5 Nc7 46. Ba4 f5 47. Rf8+ Ke7 48. Rc8 1-0

[Event "EU-ch U14 Girls 24th"]
[Site "Batumi"]
[Date "2014.10.23"]
[Round "5"]
[White "Milovanova, Maria"]
[Black "Aksoy, Ayca"]
[Result "0-1"]
[WhiteElo "1965"]
[BlackElo "1778"]
[PlyCount "70"]
[EventDate "2014.10.19"]
[EventType "swiss"]
[EventRounds "9"]
[EventCountry "GEO"]
[SourceTitle "EXT 2016"]
[Source "ChessBase"]
[SourceDate "2015.10.08"]
[SourceVersion "1"]
[SourceVersionDate "2015.10.08"]
[SourceQuality "1"]

1. d4 Nf6 2. c4 e6 3. Nc3 c5 4. d5 exd5 5. cxd5 d6 6. e4 g6 7. f4 Bg7 8. Bb5+ Nfd7 9. Bd3 0-0 10. Nf3 Re8 11. 0-0 Nf6 12. Re1 Bg4 13. h3 Bxf3 14. Qxf3 Nbd7 15. Be3 a6 16. a4 Rc8 17. Bf1 Nb6 18. Bf2 Nfd7 19. a5 Na8 20. Bc4 Nc7 21. Re2 Rb8 22. Bg3 b5 23. axb6 Rxb6 24. e5 dxe5 25. d6 Ne6 26. fxe5 Rb4 27. Ba2 c4 28. Rf1 Ng5 29. Qd5 Ne6 30. h4 Qb8 31. Qf3 Rf8 32. Qf2 Qb7 33. Bb1 Ndc5 34. Nd1 Nb3 35. h5 Qc6 0-1

[Event "EU-ch U14 Girls 24th"]
[Site "Batumi"]
[Date "2014.10.21"]
[Round "3"]
[White "Jibuti, Nata"]
[Black "Aksoy, Ayca"]
[Result "1/2-1/2"]
[WhiteElo "1634"]
[BlackElo "1778"]
[PlyCount "126"]
[EventDate "2014.10.19"]
[EventType "swiss"]
[EventRounds "9"]
[EventCountry "GEO"]
[SourceTitle "EXT 2016"]
[Source "ChessBase"]
[SourceDate "2015.10.08"]
[SourceVersion "1"]
[SourceVersionDate "2015.10.08"]
[SourceQuality "1"]

1. e4 c5 2. Nc3 a6 3. g3 b5 4. Bg2 Bb7 5. d3 e6 6. f4 d5 7. e5 Nh6 8. Nf3 Nf5 9. 0-0 h5 10. a4 b4 11. Ne2 Nc6 12. h3 Rc8 13. b3 Be7 14. Kh2 Qb6 15. Bd2 a5 16. Qe1 Ba6 17. Qf2 Qa7 18. Be3 Nb8 19. Rad1 Bd8 20. Qg1 Bb6 21. Bf2 Nc6 22. Rfe1 Ncd4 23. Rd2 Bb7 24. Nh4 Nxh4 25. gxh4 Nf5 26. Bf3 Bd8 27. Bh1 g6 28. Rf1 Qb6 29. Bg3 Bxh4 30. Bxh4 Nxh4 31. Ng3 Qc7 32. Qf2 Qe7 33. Rg1 Rc7 34. Re2 Kd7 35. Rge1 Rg8 36. Rg1 Rh8 37. Rge1 Rg8 38. Rg1 Rgc8 39. Rge1 Ba8 40. Rg1 Rd8 41. Rge1 Ke8 42. Rd2 Rc6 43. Ree2 Nf5 44. Nxf5 exf5 45. Bf3 Re6 46. d4 cxd4 47. Rxd4 f6 48. exf6 Rxe2 49. Bxe2 Qxf6 50. Bf3 Kf7 51. Qd2 Qc6 52. Kg3 Rd6 53. Qd3 Bb7 54. Qd2 Qc5 55. Kh2 Ke7 56. Kg3 Kd7 57. Kh2 Bc6 58. Kg3 Kc7 59. Kh2 Qc3 60. Qf2 Bb7 61. Rd3 Qc6 62. Qd2 Qc5 63. Rd4 Bc6 1/2-1/2

[Event "Kemer Turkey Cup"]
[Site "Kemer"]
[Date "2014.02.08"]
[Round "9"]
[White "Aksoy, Ayca"]
[Black "Alaslar, Devrim"]
[Result "1/2-1/2"]
[WhiteElo "1752"]
[BlackElo "2114"]
[PlyCount "49"]
[EventDate "2014.02.01"]
[EventType "swiss"]
[EventRounds "9"]
[EventCountry "TUR"]
[SourceTitle "CBM 158 Extra"]
[Source "ChessBase"]
[SourceDate "2014.02.28"]
[SourceVersion "1"]
[SourceVersionDate "2014.02.28"]
[SourceQuality "1"]

1. Nf3 c5 2. d4 cxd4 3. Nxd4 e6 4. g3 Nf6 5. Bg2 d5 6. 0-0 Bc5 7. c4 0-0 8. cxd5 Nxd5 9. Nb3 Bb6 10. Bd2 Nc6 11. Nc3 Nxc3 12. Bxc3 Qe7 13. a3 Rd8 14. Qc2 e5 15. e3 Bg4 16. Rfe1 Rac8 17. Nd2 Qe6 18. Rac1 h6 19. Qb3 Qg6 20. Nc4 Be6 21. Qa4 Bc7 22. Bxc6 bxc6 23. Nxe5 Qh5 24. Nxc6 Re8 25. Qd4 1/2-1/2

[Event "World School-ch U13 Girls 9th"]
[Site "Porto Carras"]
[Date "2013.05.10"]
[Round "4"]
[White "Avramidou, Anastasia"]
[Black "Aksoy, Ayca"]
[Result "1/2-1/2"]
[WhiteElo "1867"]
[BlackElo "1736"]
[PlyCount "66"]
[EventDate "2013.05.07"]
[EventType "swiss"]
[EventRounds "9"]
[EventCountry "GRE"]
[SourceTitle "CBM 154 Extra"]
[Source "ChessBase"]
[SourceDate "2013.06.25"]
[SourceVersion "2"]
[SourceVersionDate "2013.06.25"]
[SourceQuality "1"]

1. Nf3 Nf6 2. c4 e6 3. d4 c5 4. e3 cxd4 5. exd4 d5 6. Nc3 Bb4 7. Qa4+ Nc6 8. Ne5 Qa5 9. Qxa5 Bxa5 10. Nxc6 bxc6 11. Bd2 Rb8 12. 0-0-0 Ba6 13. Bf4 Rc8 14. c5 Bxf1 15. Rhxf1 Kd7 16. a3 Bc7 17. Bxc7 Rxc7 18. h3 Rb7 19. f4 Re8 20. Rde1 Kd8 21. Rf2 h5 22. g3 g6 23. Rg2 Rh8 24. Ree2 Ke7 25. Rg1 Rbb8 26. Rge1 Rb7 27. Rg2 Rbb8 28. b4 Rb7 29. Rb2 Rhb8 30. Ree2 Kd7 31. Kb1 Kc7 32. Ka2 a6 33. Kb1 Kd8 1/2-1/2

[Event "World School-ch U13 Girls 9th"]
[Site "Porto Carras"]
[Date "2013.05.08"]
[Round "2"]
[White "Protopopova, Anastasiya"]
[Black "Aksoy, Ayca"]
[Result "1-0"]
[WhiteElo "1909"]
[BlackElo "1736"]
[PlyCount "69"]
[EventDate "2013.05.07"]
[EventType "swiss"]
[EventRounds "9"]
[EventCountry "GRE"]
[SourceTitle "CBM 154 Extra"]
[Source "ChessBase"]
[SourceDate "2013.06.25"]
[SourceVersion "2"]
[SourceVersionDate "2013.06.25"]
[SourceQuality "1"]

1. Nf3 Nf6 2. c4 e6 3. g3 d5 4. b3 c6 5. Bg2 Nbd7 6. 0-0 Bd6 7. Bb2 0-0 8. d4 Re8 9. Nc3 Qe7 10. Re1 b6 11. e4 dxe4 12. Nd2 Bb7 13. Ndxe4 Nxe4 14. Nxe4 Bc7 15. Qc2 Rac8 16. Rad1 Bb8 17. Qc1 Qd8 18. Qa1 f6 19. Ba3 Nf8 20. Nc3 Bd6 21. c5 Bb8 22. Bh3 b5 23. d5 cxd5 24. Nxb5 Qa5 25. Nd6 Qxa3 26. Nxe8 Rxe8 27. Rc1 Bc6 28. Qb1 a5 29. Qd3 Nd7 30. Qa6 Ne5 31. Bg2 Bc7 32. f4 Ra8 33. Qe2 Nf7 34. Qxe6 Bb7 35. Qe8+ 1-0